000
00313nam a22001457a 4500
020
_a
978-81-934226-0-1
041
_a
ENG
100
_a
Shankar IAS
245
_a
Environmnt
250
_a
6 th
260
_a
Chennai
_b
Shankar ISA Academy
_c
2018
300
_a
364
650
_a
UPSC
856
_u
Competitive Exam
999
_c
229
_d
229